| 000 | 02765nam a2200337Ia 4500 | ||
|---|---|---|---|
| 999 |
_c55192 _d55192 |
||
| 001 | 22267 | ||
| 003 | GE_BSU | ||
| 005 | 20220527140308.0 | ||
| 008 | 181216s2015||||ge |||||||||||||| ||geo|| | ||
| 020 | _a9789941437892 | ||
| 040 | _cGE_BSU | ||
| 041 | _ageo | ||
| 080 | _a94(495)"01/04 ა-87 | ||
| 100 |
_aასათიანი, ვალერი _913865 |
||
| 245 |
_aბიზანტიური ცივილიზაცია = The Byzantine Civilisation / _cვალერი ასათიანი ; რედაქტორი რისმაგ გორდეზიანი ; ყდის დიზაინი თამაზ ვარვარიძე ; ივანე ჯავახიშვილის სახ. თბილისის სახელმწ. უნ-ტი, კლასიკური ფილოლოგიის, ბიზანტინისტიკისა და ნეოგრეცისტიკის ინ-ტი |
||
| 264 |
_aთბილისი : _bპროგრამა ლოგოსი, _c2015. |
||
| 300 |
_a563 გვ. : _bილ. ; _c24 სმ. |
||
| 440 |
_aპროგრამა "ლოგოსი": პუბლიკაციები და ღონიძიებები კლასიკური ფილოლოგიის, ბიზანტინისტიკისა და ნეოგრეცისტიკის სფეროში _913866 |
||
| 500 | _aრეზიუმე და დამატებითი სატიტულო გვერდი ინგლისურ ენაზე. | ||
| 501 | _aტერმინები: გვ. 518-540. საძიებელი: გვ. 554-566. | ||
| 504 | _aბიბლიოგრაფია: გვ. 541-553. | ||
| 520 | _aრეზ. ინგლ. ენ.. | ||
| 541 | _h22 ლ. | ||
| 653 | _aბიზანტიის ისტორია | ||
| 653 | _aბიზანტიური ცივილიზაცია | ||
| 653 | _aსაქართველო-ბიზანტიის ურთიერთობის ისტორია | ||
| 700 |
_aგორდეზიანი, რისმაგ _eრედაქტორი _93462 |
||
| 700 |
_aვარვარიძე, თამაზ _eყდის დიზაინერი _912335 |
||
| 710 |
_aივანე ჯავახიშვილის სახელობის თბილისის სახელმწიფო უნივერსიტეტი. კლასიკური ფილოლოგიის, ბიზანტინისტიკისა და ნეოგრეცისტიკის ინსტიტუტი. _913867 |
||
| 942 |
_cBK _2udc |
||